00192nam a2200073 a 450000500170000000800410001705000230005824500370008120140414131948.0110201s19uu xx 00 eng d aTR 372.4bP49 1987 aHoughton MIfflin phonics book 3.